The Illusion Of Progress In The Arab World: (Record no. 3224)
[ view plain ]
| 000 -LEADER | |
|---|---|
| fixed length control field | 00952nac a22002051u 4500 |
| 020 ## - INTERNATIONAL STANDARD BOOK NUMBER | |
| International Standard Book Number | 9774249712 |
| 082 ## - DEWEY DECIMAL CLASSIFICATION NUMBER | |
| Classification number | 330.9174927 |
| Item number | Am54 |
| 090 ## - LOCALLY ASSIGNED LC-TYPE CALL NUMBER (OCLC); LOCAL CALL NUMBER (OCLC) | |
| -- | 3224 |
| -- | 3224 |
| 100 ## - MAIN ENTRY--PERSONAL NAME | |
| Personal name | Amin , Galal. |
| 245 ## - TITLE STATEMENT | |
| Title | The Illusion Of Progress In The Arab World: |
| Remainder of title | A Critique Of Western Misconstructions / |
| Statement of responsibility, etc | Galal Amin. |
| 260 ## - PUBLICATION, DISTRIBUTION, ETC. (IMPRINT) | |
| Place of publication, distribution, etc | Ciro, New York: |
| Name of publisher, distributor, etc | The American University In Cairo,2007 |
| Date of publication, distribution, etc | 2007. |
| 300 ## - PHYSICAL DESCRIPTION | |
| Extent | 160p.; |
| Dimensions | 15cm. |
| 504 ## - BIBLIOGRAPHY, ETC. NOTE | |
| Bibliography, etc | Includes Notes. |
| 650 ## - SUBJECT ADDED ENTRY--TOPICAL TERM | |
| Topical term or geographic name as entry element | Arab countries--Social conditions. |
| 650 ## - SUBJECT ADDED ENTRY--TOPICAL TERM | |
| Topical term or geographic name as entry element | Arab countries--Economic conditions. |
| 700 ## - ADDED ENTRY--PERSONAL NAME | |
| Personal name | Amin , Galal. |
| 942 ## - ADDED ENTRY ELEMENTS (KOHA) | |
| Item type | Book - Borrowing |
| Call number prefix | 330.9174927Am54 |
| Withdrawn status | Item status | Source of classification or shelving scheme | Damaged status | Not for loan | Home library | Current library | Shelving location | Date acquired | Source of acquisition | Total Checkouts | Total Renewals | Full call number | Barcode | Date last seen | Date last borrowed | Koha item type |
|---|---|---|---|---|---|---|---|---|---|---|---|---|---|---|---|---|
| Dewey Decimal Classification | Central Library | Central Library | First floor | 28/03/2007 | Purchase | 7 | 12 | 330.9174927 AMI | 000039567 | 15/07/2025 | 18/04/2018 | Book - Borrowing | ||||
| Dewey Decimal Classification | Central Library | Central Library | First floor | 28/03/2007 | Purchase | 7 | 12 | 330.9174927 AMI | 000039566 | 15/07/2025 | 09/02/2021 | Book - Borrowing |